|
|
|
|
| LEADER |
00000cam a2200000 a 4500 |
| 001 |
vtls001302451 |
| 003 |
SK-MaSNL |
| 005 |
20260301004906.0 |
| 008 |
240313s1988 xr 0000j cze |
| 020 |
|
|
|q (viaz.)
|
| 035 |
|
|
|a SNK000254516
|
| 040 |
|
|
|a SNK
|b slo
|c SNK
|e AACR2
|
| 041 |
1 |
|
|a cze
|h rus
|
| 044 |
|
|
|a xr
|c CZ
|
| 072 |
|
7 |
|a 821.161.1
|x Ruská literatúra
|2 konspekt
|
| 080 |
|
|
|a 821.161.1-32
|2 2001
|
| 100 |
1 |
|
|a Čechov, Anton Pavlovič,
|d 1860-1904
|4 aut
|9 98221
|
| 245 |
1 |
0 |
|a Povídky
|c Anton Pavlovič Čechov ; vybral, uspořádal a doslov napsal Vladimír Novotný ; z ruštiny přeložil Emanuel Frynta, Jaroslav Hulák, Anna Zahradníčková
|
| 250 |
|
|
|a 1. vyd. v tomto usporiadaní
|
| 260 |
|
|
|a Praha
|b Odeon
|c 1988
|
| 300 |
|
|
|a 457 s.
|c 21 cm
|
| 366 |
|
|
|e 5000 výtl.
|
| 490 |
1 |
|
|a Galerie klasiků
|
| 600 |
1 |
7 |
|a Čechov, Anton Pavlovič,
|d 1860-1904
|2 SNKMA
|9 98221
|
| 655 |
|
7 |
|a ruské poviedky
|2 SNKPH
|9 84555
|
| 655 |
|
7 |
|a výbery
|2 SNKPH
|9 67620
|
| 700 |
1 |
|
|a Hulák, Jaroslav,
|d 1920-1999
|4 trl
|9 228481
|
| 700 |
1 |
|
|a Zahradníčková, Anna,
|d 1894-1979
|4 trl
|9 288382
|
| 700 |
1 |
|
|a Frynta, Emanuel,
|d 1923-1975
|4 trl
|9 98222
|
| 700 |
1 |
|
|a Novotný, Vladimír,
|d 1946-
|4 com
|4 aft
|9 201643
|
| 830 |
|
0 |
|a Galerie klasiků
|9 288383
|
| 954 |
|
|
|a beletria cudzojazyčná (svetová)
|2 lita
|
| 958 |
|
|
|a OND
|
| 999 |
|
|
|c 543613
|d 545543
|
| 952 |
|
|
|a SNK
|b SNK
|y VYP
|7 0
|p 17A1348547
|o snkIC 109128
|i snkKIP 8415/88
|0 0
|1 0
|4 0
|d 2022-09-21
|l 0
|r 2026-02-23 12:47:36
|w 2026-02-23
|
| 952 |
|
|
|t P60, <04>, [BOOK], {604}
|a SNK
|b SNK
|y VYP
|7 0
|p 17A0093900
|o snkIC 109128 D1
|0 0
|1 1
|4 0
|d 1997-09-17
|l 0
|r 2005-01-02 00:00:00
|w 2026-02-23
|